00711 a2200169 4500003000500000005001700005040000900022082001000031245003600041260004000077505024200117538003200359650001800391942001200409999001900421952010100440Nust20170207154214.0 cNust a378.4 aNorthumbriabUni of Northumbria aNewcastlebUni of Northumbriac2001 aPoints of Contact (Page-A.3) How to use this Prospectus (Page- A.4) Choose Northumbria (page-A.6) The Region (Page-A.8) The University Campuses (page-A.15) Travel to Northumbria (Page-A.20)Accommodation (Page-A.22) Sporting (Page-A-24)  aAlmirah No. 117 Shelf No. 2 aUG Prospectus 2ddccBK c195009d195009 00102ddc40708NFICaMCSbMCSd2016-12-12l0o378.4 NORpMCSPS-77r2016-12-08w2016-12-12yBK